000 00785aas a2200229 4500
999 _c1408
_d1408
003 BR-BrBNA
005 20230317233156.0
007 ta
008 230119b bl ||||| |||| 00| 0 por d
035 _a000485-5
040 _aBR-BrBNA
_bPor
_cBR-BrBNA
042 _a013891-6
044 _abl
245 _aBoletim Técnico - Empresa de Assistência Técnica e Extensão Rural do Estado do Espírito Santo (Brazil)
260 _aVitória-ES
_bEmpresa de Assistência Técnica e Extensão Rural do Estado do Espírito Santo
_c1976. Data final de publicação em 1982
_eBES
270 _aCaixa Postal 644 - 29000-000
310 _airregular
505 _a1976 (1-6); 1977 (7-8,10,11,12-16,18); 1978 3(17); 1982 (19);
650 1 2 _gAGRICULTURA
909 _a56
_bSergio Santos
_c56
_dSergio Santos
942 _cCR
_2AGRIS